| 000 | 00657nam a2200277Ia 4500 | ||
|---|---|---|---|
| 005 | 20260121124608.0 | ||
| 008 | 008 260114s9999 xx 000 0 eng d | ||
| 020 | _a9781685854904 | ||
| 037 | _aEBOOK | ||
| 040 | _aCRL | ||
| 040 | _beng | ||
| 040 | _cCRL | ||
| 041 | _2eng | ||
| 041 | _aeng | ||
| 084 | _qCRL | ||
| 100 |
_aMiles, William F.S. _9978650 |
||
| 245 | 0 | _aImperial Burdens | |
| 260 | _bWalter de Gruyter | ||
| 260 | _bWalter de Gruyter | ||
| 260 | _c1995 | ||
| 650 |
_aPolitical Science _9978651 |
||
| 856 | _uhttp://www.degruyter.com/isbn/9781685854904 | ||
| 942 | _cEBOOK | ||
| 999 |
_c1555765 _d1555765 |
||